Darbar e dill (Record no. 11710)
[ view plain ]
| 000 -LEADER | |
|---|---|
| fixed length control field | 00451nam a22001577a 4500 |
| 082 ## - DEWEY DECIMAL CLASSIFICATION NUMBER | |
| Classification number | 891.4393 UMA |
| 100 ## - MAIN ENTRY--PERSONAL NAME | |
| Personal name | Umaira Ahmad |
| 9 (RLIN) | 2510 |
| 245 ## - TITLE STATEMENT | |
| Title | Darbar e dill |
| 260 ## - PUBLICATION, DISTRIBUTION, ETC. | |
| Place of publication, distribution, etc. | Lahore |
| Name of publisher, distributor, etc. | Ilm o irfan publishers |
| Date of publication, distribution, etc. | 2012 |
| 300 ## - PHYSICAL DESCRIPTION | |
| Extent | 144p. : |
| Accompanying material | 22 cm |
| 650 ## - SUBJECT ADDED ENTRY--TOPICAL TERM | |
| Topical term or geographic name entry element | Urdu literature |
| 880 ## - ALTERNATE GRAPHIC REPRESENTATION | |
| Linkage | 100\r |
| Title | عمیرہ احمد |
| 880 ## - ALTERNATE GRAPHIC REPRESENTATION | |
| Linkage | 245\r |
| Title | دربار دل |
| 880 ## - ALTERNATE GRAPHIC REPRESENTATION | |
| Linkage | 260\r |
| Title | لاہور: |
| b | علم و عرفان پبلشرز، |
| c | 2012۔ |
| 942 ## - ADDED ENTRY ELEMENTS (KOHA) | |
| Koha item type | Book |
| Source of classification or shelving scheme | |
| Withdrawn status | Lost status | Source of classification or shelving scheme | Damaged status | Not for loan | Permanent Location | Current Location | Shelving location | Date acquired | Source of acquisition | Cost, normal purchase price | Total Checkouts | Total Renewals | Full call number | Barcode | Checked out | Date last seen | Date last checked out | Price effective from | Koha item type |
|---|---|---|---|---|---|---|---|---|---|---|---|---|---|---|---|---|---|---|---|
| Central Library (CL) | Central Library (CL) | General Stacks | 04/09/2013 | Allied Book Company | 240.00 | 13 | 4 | 891.4393 AHM | SEECS012278 | 06/03/2024 | 04/03/2024 | 04/03/2024 | 04/15/2013 | Book |
